Historia de la literatura española /
Guardado en:
| Autor Principal: | |
|---|---|
| Formato: | Libro |
| Idioma: | Spanish |
| Publicado: |
Buenos Aires :
Bajel,
1948.
|
| Materias: | |
| Etiquetas: |
Agregar Etiqueta
Sin Etiquetas, Sea el primero en etiquetar este registro!
|
| LEADER | 00465nam a22001575a 4500 | ||
|---|---|---|---|
| 001 | EUN.um046321 | ||
| 003 | AR-BaUNS | ||
| 005 | 20050623122915.0 | ||
| 008 | 041125s1948####ag############000#0#spa#d | ||
| 245 | 1 | 0 | |a Historia de la literatura española / |c George Ticknor. |
| 260 | |a Buenos Aires : |b Bajel, |c 1948. | ||
| 300 | |a 3 v. | ||
| 100 | 1 | |a Ticknor, George. | |
| 082 | 0 | 4 | |a 860.9 |
| 653 | |a Lit. espaÑola:historia | ||
| 859 | |a Ar-BaUNS |b BIB. CENTRAL - Sector C |h 860.9 |i T437 |p 2228/963 |v v.2 | ||
